000 00433nam a2200169Ia 4500
005 20241028023159.0
008 240331s9999 xx 000 0 und d
020 _a978006092008
082 _bBRY
_a823
100 _aBryson,Bill
245 4 _aThe Lost continent :
_bTravels in Small - Town America
260 _aNew York
_bHarper Collins Publishers
_c1990
300 _a314 p .,
650 _aSocial
650 _aStory
942 _cL
999 _c5679
_d5679